00384 a2200097 4500001001000000005001700010008004100027245009300068100002200161773010300183ART_3966020260410162012.0260409a 10aPerspectiva estratégica para la reingeniería de la vinculación empresa-universidad1 aNarvaez, Jorge L.0 tPropuestas para la sociedad, el gobierno y la produccióng- Año 5, Nº 9 (nov. 2001)wREV39547